书目信息 |
| 题名: |
茅盾论
|
|
| 作者: | 钟桂松 著 | |
| 分册: | ||
| 出版信息: | 北京 东方出版社 1996.07 |
|
| 页数: | 357页 | |
| 开本: | 32开 | |
| 丛书名: | ||
| 单 册: | ||
| 中图分类: | K825.6 | |
| 科图分类: | ||
| 主题词: | 人物--传记--中国 | |
| 电子资源: | ||
| ISBN: | 7-5060-0742-8 | |
| 000 | 00527nam0 2200193 45 | |
| 001 | 0010221509 | |
| 005 | 20001022173518.7 | |
| 010 | @a7-5060-0742-8@d20.00元 | |
| 100 | @a20001022d1996 km y0chiy0120 ea | |
| 101 | 0 | @achi |
| 105 | @a z 000yy | |
| 200 | 1 | @a茅盾论@AMao Dun Lun@f钟桂松著@FZhong Gui Song Zhu |
| 210 | @a北京@c东方出版社@d1996.07 | |
| 215 | @a357页@d32开 | |
| 606 | 0 | @a人物@x传记@x中国 |
| 690 | @aK825.6@v3 | |
| 701 | 0 | @a钟桂松@4著 |
| 801 | @aCN@bPftUser@c20001022 | |
| 905 | @b182448-450@dK825.6@eZH757/3@f3 | |
| 茅盾论/钟桂松著.-北京:东方出版社,1996.07 |
| 357页;32开 |
| ISBN 7-5060-0742-8:20.00元 |
| ● |
| 相关链接 |
|
|
|
正题名:茅盾论
索取号:K825.6/ZH757/3
 
预约/预借
| 序号 | 登录号 | 条形码 | 馆藏地/架位号 | 状态 | 备注 |
| 1 | 182448 | 201824482 | 社科库309/309社科库 53排3列3层/ [索取号:K825.6/ZH757/3] | 在馆 | |
| 2 | 182449 | 201824491 | 社科库309/309社科库 53排3列3层/ [索取号:K825.6/ZH757/3] | 在馆 | |
| 3 | 182450 | 201824507 | 社科库309/309社科库 53排3列3层/ [索取号:K825.6/ZH757/3] | 在馆 |